Normal view
MARC view
Entry Personal Name
001 - CONTROL NUMBER
- control field: 42793
003 - CONTROL NUMBER IDENTIFIER
- control field: dpl
005 - DATE AND TIME OF LATEST TRANSACTION
- control field: 20120222142256.0
008 - FIXED-LENGTH DATA ELEMENTS
- fixed length control field: 120222|||a|||||| | ||| d
040 ## - CATALOGING SOURCE
- Original cataloging agency: dpl
- Transcribing agency: dpl
100 ## - HEADING--PERSONAL NAME
- Personal name: Madhusudhan, M.
670 ## - SOURCE DATA FOUND
- Source citation: Work cat.: (dpl): Venkatappaiah, Velaga 42792, Public library legislation in the new millennium :, 2006
670 ## - SOURCE DATA FOUND
- Source citation: Work cat.: (dpl): Venkatappaiah, Velaga 42792, Public library legislation in the new millennium :, 2006
